000 00286nam a2200085Ia 4500
245 0 _aThe diabetes guide : control your diabetes with the complete diet and lifestyle plan
100 _a CLAYDON, Anne London, 2009
_981538
942 _cBK
008 210817s9999 xx 000 0 und d
999 _c290836
_d290835